Cuentos y teatrillos "en verde": medioambiente, ecología y otros valores (Registro nro. 13565)
[ vista simple ]
| 000 -CABECERA | |
|---|---|
| campo de control de longitud fija | 00839nam a22003017a 4500 |
| 005 - FECHA Y HORA DE ACTUALIZACIÓN | |
| campo de control | 20230510114446.0 |
| 008 - LONGITUD FIJA | |
| campo de control de longitud fija | 230510b2013 |||||||| |||| 00| 0 spa d |
| 020 ## - INTERNATIONAL STANDARD BOOK NUMBER | |
| Número Internacional Estándar del Libro | 9786077075219 |
| 041 ## - IDIOMA | |
| Código de idioma del texto/pista de sonido o título separado | Español |
| 082 ## - CLASIFICACIÓN DECIMAL DEWEY | |
| Número de clasificación | 372.657 A282c |
| 100 ## - AUTOR PERSONAL | |
| Nombre de persona | Agüera, Isabel |
| 245 ## - TÍTULO PROPIAMENTE DICHO | |
| Título | Cuentos y teatrillos "en verde": medioambiente, ecología y otros valores |
| 260 ## - PIE DE IMPRENTA | |
| Lugar de publicación, distribución, etc. | México |
| 260 ## - PIE DE IMPRENTA | |
| Nombre del editor, distribuidor, etc. | Alfaomega |
| 260 ## - PIE DE IMPRENTA | |
| Fecha de publicación, distribución, etc. | 2013 |
| 300 ## - DESCRIPCIÓN FÍSICA | |
| Extensión | 141 páginas |
| 650 ## - Materia General | |
| Materia general | EDUCACIÓN |
| 650 ## - Materia General | |
| Materia general | EDUCACIÓN PRIMARIA |
| 650 ## - Materia General | |
| Materia general | ESTUDIO DE LA NATURALEZA |
| 650 ## - Materia General | |
| Materia general | MEDIO AMBIENTE |
| 650 ## - Materia General | |
| Materia general | ECOLOGÍA |
| 650 ## - Materia General | |
| Materia general | CUENTOS |
| 650 ## - Materia General | |
| Materia general | TEATRO |
| 650 ## - Materia General | |
| Materia general | CONTAMINACIÓN |
| 650 ## - Materia General | |
| Materia general | INCENDIOS FORESTALES |
| 650 ## - Materia General | |
| Materia general | RECICLAJE |
| 942 ## - Punto de Acceso Adicional Koha | |
| Tipo de ítem Koha | Libro |
| Estado perdido | Estado dañado | No para préstamo | Biblioteca permanente | Biblioteca actual | Signatura completa | Código de barras | Precio efectivo a partir del | Tipo de ítem |
|---|---|---|---|---|---|---|---|---|
| Departamento de Biblioteca y Documentación Alfonso Chase Brenes | Departamento de Biblioteca y Documentación Alfonso Chase Brenes | 372.657 A282c | 25715 | 10/05/2023 | Libro | |||
| Departamento de Biblioteca y Documentación Alfonso Chase Brenes | Departamento de Biblioteca y Documentación Alfonso Chase Brenes | 372.657 A282c | 25716 | 10/05/2023 | Libro |